[Event "SapporoSummer2022"]
[Site "?"]
[Date "2022.07.18"]
[Round "4.2"]
[White "Ishii Hibiki"]
[Black "Takeuchi Hiroshi"]
[Result "1-0"]
[WhiteElo "1349"]
[BlackElo "1393"]
[Annotator "Fritz 11 SE (30s)"]
[PlyCount "93"]
[SourceVersionDate "2022.07.18"]

{[%mdl 8256] B07: Pirc Defence: Miscellaneous Systems} 1. e4 d6 2. d4 Nf6 3.
Nc3 g6 4. Bg5 Bg7 5. Qd2 O-O {Black has a cramped position} 6. Be2 $146 (6.
O-O-O Nbd7 (6... c6 7. Kb1 b5 8. f3 Nbd7 9. e5 Ne8 (9... b4 10. exf6 exf6 11.
Bf4 bxc3 12. Qxc3 Qc7 13. Qa3 c5 14. dxc5 Nxc5 15. Ne2 Rd8 16. Nd4 Qb6 17. h4
f5 18. Bg5 Re8 19. c3 Rb8 20. Nb5 Bd7 21. Rxd6 Re1+ 22. Kc2 Qb7 23. Qxc5 Bxb5
24. Bxb5 {Rombaldoni,A (2374)-Sarno,S (2329) Saint Vincent 2008 1-0 (39)}) 10.
h4 f6 11. exf6 exf6 12. Be3 d5 13. h5 Rf7 14. hxg6 hxg6 15. g4 Nf8 16. Nh3 Re7
17. Nf4 Nc7 18. Bd3 Qe8 19. Rde1 a5 20. Bxb5 cxb5 21. Nfxd5 {Motylev,A (2634)
-Sturua,Z (2545) Dubai 2003 1-0 (61)}) 7. h4 c5 8. d5 b5 9. Bxb5 Rb8 10. Bh6
Bxh6 11. Qxh6 Qb6 12. f3 a6 13. Bxd7 Qxb2+ 14. Kd2 Bxd7 15. Nge2 Rb4 16. h5
Rd4+ 17. Nxd4 cxd4 18. Ne2 Rc8 19. Rc1 Bb5 20. hxg6 d3 {Lajos,J (2365)-Soos,A 
(2315) Hungary 1989 1-0 (60)}) (6. f3 c6 7. Bd3 Ne8 8. Nge2 b5 9. h4 f6 10. Be3
e5 11. h5 f5 12. hxg6 hxg6 13. dxe5 Bxe5 14. O-O-O b4 15. Bc4+ d5 16. Nxd5 Be6
17. Bg5 Qa5 18. Ne7+ Kf7 19. Bxe6+ Kxe6 20. Nxc6 Bxb2+ {Sluka,R (2310)-Pakosta,
S (2235) Czechia 1995 1-0}) (6. f4 Na6 7. O-O-O c5 8. e5 cxd4 9. Qxd4 Nd7 10.
Nf3 f6 11. Bxa6 bxa6 12. Qd5+ Kh8 13. Qxa8 fxg5 14. Nxg5 Nb6 15. Qxa7 Nc4 16.
Qd4 Qc7 17. Nd5 Qc6 18. Nxe7 Qa4 19. a3 dxe5 20. Qd5 Bf6 {Madl,I (2365)-Gietl,
T (2305) Postbauer 1997 1-0}) 6... Nbd7 7. h4 c6 {Black has a cramped position.
Black's piece can't move: c8} (7... b5 8. Bxb5 Rb8 9. Bxd7 Qxd7 10. O-O-O $14)
8. Bh6 (8. h5 $16) 8... Qc7 $2 (8... Bxh6 $142 $5 {is noteworthy} 9. Qxh6 c5
$11) 9. h5 (9. Bxg7 $142 Kxg7 10. h5 $16) 9... e5 $2 (9... Bxh6 10. Qxh6 b5 11.
Nh3 $16) 10. dxe5 $4 {White forks: d6+f6. releasing the pressure on the
opponent} (10. hxg6 $142 $5 fxg6 11. Bxg7 Kxg7 12. Qh6+ Kh8 13. Nf3 $18) 10...
Nxe5 (10... Bxh6 11. Qxh6 Nxe5 12. Nh3 Bxh3 13. Rxh3 $14) 11. hxg6 (11. Bxg7 $5
Kxg7 12. O-O-O $16) 11... fxg6 $14 (11... hxg6 $4 12. Bxg7 Nfg4 13. Bxf8 Kxf8
14. f4 $18) 12. f3 {Consolidates g4} (12. Bxg7 Kxg7 13. a3 d5 14. exd5 Nxd5 15.
Nxd5 cxd5 $14) 12... Rf7 (12... Bxh6 13. Rxh6 Nf7 14. Rh1 $11) 13. O-O-O (13.
Bxg7 Kxg7 (13... Rxg7 $143 14. O-O-O $16) 14. O-O-O Nh5 $14) 13... b5 (13...
Bxh6 14. Rxh6 b5 15. Rh4 $11) 14. Bxg7 $14 ({Instead of} 14. Qxd6 Qxd6 15. Rxd6
Bxh6+ 16. Rxh6 Nh5 $11) 14... Rxg7 $2 (14... Kxg7 $142 $5 {looks like a viable
alternative} 15. Qxd6 Qxd6 16. Rxd6 Nh5 $14) 15. Qxd6 $16 Qxd6 16. Rxd6 Ne8 17.
Rd8 Kf7 18. Rd2 (18. Rd1 Ke7 $16) 18... b4 (18... g5 $5 $16) 19. Na4 $18 Ke7 (
19... g5 20. g3 Nd7 21. f4 $18) 20. Nh3 (20. f4 Nd7 $18) 20... Bxh3 21. Rxh3
Nd6 $2 (21... g5 22. Nc5 Nf6 23. Na6 $18) 22. b3 (22. f4 $142 $5 {might be the
shorter path} Nec4 23. Rd4 Nb6 24. Rxb4 Nxa4 25. Rxa4 Kf8 $18) 22... Nd7 (22...
Rf8 23. Rh1 $18) 23. Rh1 Rf7 $4 {shortens the misery for Black} (23... Rd8 $18)
24. Rhd1 Rf6 {[%tqu "En","","","","f3f4","",10]} 25. f4 $1 {Deflection: d6} Re6
(25... Rxf4 26. Rxd6 {Deflection}) 26. e5 Rd8 (26... Nxe5 {praying for a
miracle} 27. fxe5 Rxe5 $18) 27. Rxd6 Rxd6 28. Rxd6 Rf8 (28... Nb8 {does not
help much} 29. Rf6 $18) 29. Bg4 Nb8 30. g3 h5 (30... Rf7 {doesn't change the
outcome of the game} 31. Kb2 $18) 31. Bh3 g5 (31... h4 {is not the saving move}
32. Re6+ Kf7 33. gxh4 $18) 32. f5 g4 33. f6+ Kf7 (33... Rxf6 {is the last straw
} 34. Rxf6 gxh3 $18) 34. Bf1 h4 35. Bc4+ Kg6 36. f7+ Kf5 37. gxh4 Kxe5 38. Rg6
(38. Re6+ $142 {and White can already relax} Kf5 39. Re8 $18) 38... Kf5 (38...
Nd7 $18 {is one last hope}) 39. Rg8 Nd7 40. Nc5 Nxc5 41. Rxf8 Kf4 (41... Ne6 {
is not much help} 42. Re8 Nf8 43. Rxf8 Kf4 44. Rd8 Kg3 45. f8=Q a6 46. Rd3+ Kg2
47. Rd2+ Kh3 48. Qf4 Kxh4 49. Rh2#) 42. Rg8 (42. Rd8 Nd7 43. Rxd7 Kf3 44. f8=Q+
Kg3 45. Rd3+ Kg2 46. Qf4 a5 47. Qg3+ Kh1 48. Rd1#) 42... Nd7 43. h5 g3 (43...
a5 {doesn't get the bull off the ice} 44. Rd8 Nb8 45. f8=Q+ Kg5 46. Rd4 Na6 47.
Qf4+ Kxh5 48. Rd6 g3 49. Be2#) 44. h6 Kf3 (44... Nf8 {doesn't change anything
anymore} 45. Rxf8 Ke5 46. Re8+ Kf5 47. f8=Q+ Kg4 48. Re4+ Kg5 49. Rf4 g2 50.
Qf6+ Kh5 51. Be2#) 45. h7 g2 (45... Nf8 {is not much help} 46. h8=Q Ng6 47.
Rxg6 Ke4 48. f8=Q g2 49. Re6#) 46. h8=Q Kf2 (46... g1=Q+ {hardly improves
anything} 47. Rxg1 Kf2 48. Qd4+ Kf3 49. Kd2 Ne5 50. Qe3#) 47. Qh2 (47. Qh2 Ke3
48. Rg4 g1=Q+ 49. Qxg1+ Kf3 50. Qg3#) (47. Qd4+ Kf3 48. Kd2 g1=Q 49. Be2#) 1-0

[Event "SapporoSummer2022"]
[Site "?"]
[Date "2022.07.18"]
[Round "4.3"]
[White "Nishimori, Toshiyuki"]
[Black "Yoshii, Yukihiko"]
[Result "0-1"]
[WhiteElo "1684"]
[BlackElo "1686"]
[Annotator "Fritz 11 SE (30s)"]
[PlyCount "78"]
[SourceVersionDate "2022.07.18"]

{[%mdl 8256] C50: Hungarian Defence and Giuoco Pianissimo} 1. e4 e5 2. Nf3 Nc6
3. Bc4 Nf6 4. Nc3 Be7 5. O-O O-O 6. d4 exd4 (6... Nxe4 7. Nxe4 d5 8. Bxd5 Qxd5
9. Nc3 Qd6 10. d5 Nd8 11. Qe2 f6 12. Nb5 Qd7 13. c4 Nf7 14. h3 c6 15. Nc3 Bb4
16. dxc6 Qxc6 {1/2-1/2 (16) Seils,J (2342)-Schoewel,M (2220) Germany 2012}) 7.
Nxd4 Ne5 {Black threatens to win material: Ne5xc4} 8. Bb3 $146 (8. Be2 d6 9. f4
Ng6 10. f5 Ne5 11. Bg5 b6 12. Nf3 Nfg4 13. Bxe7 Qxe7 14. Nd5 Qd8 15. Nxe5 Nxe5
16. f6 Nd7 17. Qd2 gxf6 18. Qh6 Kh8 19. Nxf6 Nxf6 20. Rxf6 Be6 21. Raf1 Qe7 22.
e5 Rg8 {Allen,D (2250)-Ma,E (2200) Istanbul 2000 1/2-1/2 (41)}) 8... d6 9. h3 {
Secures g4} a6 {Prevents intrusion on b5} 10. Be3 b5 (10... c5 11. Nf3 $14) 11.
a3 {Black has a cramped position} (11. f4 $5 Nc4 12. Bxc4 bxc4 13. Nc6 $16)
11... Bb7 12. f3 {Covers g4} c5 (12... g6 13. Qd2 $11) 13. Nf5 $14 c4 {Black
threatens to win material: c4xb3} 14. Ba2 Qd7 (14... Bc8 15. Nxe7+ Qxe7 16. Qd2
$14) 15. Nxe7+ (15. Qd2 $5 $16) 15... Qxe7 $14 16. b3 (16. Qd2 h6 $14) 16...
Rac8 17. bxc4 (17. Qd2 $142 $5 $14 {has some apparent merit}) 17... Nxc4 $15
18. Bxc4 Rxc4 {Praise the rook!} 19. Ne2 (19. Qd3 Qc7 20. Bd4 Nd7 $15) 19... d5
20. Ng3 $2 (20. e5 $142 $17) 20... dxe4 $19 21. fxe4 Nxe4 (21... Bxe4 $142 $5
22. Nxe4 Nxe4 $19) 22. Nf5 $17 Qe5 (22... Qe8 23. Bh6 Ng3 (23... gxh6 $143 24.
Qg4+ Ng5 25. Nxh6+ Kh8 26. Qxg5 $16) 24. Nxg3 Qc6 $17) 23. Qg4 $4 {there were
better ways to keep up the pressure} (23. Bd4 Qe6 24. Qg4 g5 $11) 23... g6 $4 {
gives the opponent counterplay} (23... Bc8 $142 {and Black could have gained
the advantage} 24. Rae1 Bxf5 (24... Rxc2 $4 {a poisoned pawn} 25. Nh6+ Kh8 26.
Nxf7+ Rxf7 27. Rxf7 $18) 25. Qxf5 Qxf5 26. Rxf5 Re8 $19) 24. Nh6+ $11 Kg7 25.
Nf5+ $4 {White is ruining his position} (25. Nxf7 $142 {would save the game}
Rxf7 26. Rxf7+ Kxf7 27. Qd7+ Kg8 28. Qd8+ Kg7 29. Qd7+ Kg8 30. Qd8+ Kf7 31.
Qd7+ Kg8 $11) 25... Kh8 $19 26. Bh6 (26. Nh6 f5 27. Qd1 $19) 26... Rg8 (26...
gxf5 $142 {seems even better} 27. Qf4 Qc5+ 28. Qe3 $19) 27. Bg7+ $4 {causes
even greater problems} (27. Ne3 Rc6 28. Qd7 $11) 27... Rxg7 $19 28. Nxg7 (28.
Ne3 {does not improve anything} Qc5 29. Rae1 Rxc2 $19) 28... Kxg7 (28... Ng3
$142 {and Black has prevailed} 29. Qd7 Ne2+ 30. Kh1 $19) 29. Qd7 (29. Qf3 {
desperation} Bd5 30. Qe3 $19) 29... Bd5 30. Rad1 Be6 (30... Nc3 {might be the
shorter path} 31. Rd2 Rd4 32. Rxd4 Ne2+ 33. Kf2 Qxd4+ 34. Ke1 $19) 31. Qb7 (31.
Qe7 {the only chance to get some counterplay} Ng5 32. Rd3 Rxc2 33. Qd6 $19)
31... Qc5+ (31... Rxc2 $142 {and Black can celebrate victory} 32. Qa7 Nc5 33.
Qa8 Qe3+ 34. Kh1 $19) 32. Kh2 Qxa3 (32... Ng5 $142 {and Black can already relax
} 33. c3 Rxc3 34. Qb8 $19) 33. Rd3 (33. Qa7 {hardly improves anything} Qb2 34.
c3 Qxc3 $19) 33... Qb2 34. Rdf3 (34. Qa7 {doesn't improve anything} Rxc2 35.
Qd4+ Qxd4 36. Rxd4 Nc3 $19) 34... Qe5+ (34... Qxc2 $6 {is a useless try} 35.
Rxf7+ Bxf7 36. Qxf7+ Kh6 37. Qf8+ Kh5 38. Qf3+ Kg5 39. Qe3+ Kh5 40. Qf3+ Kg5
41. Qe3+ Kh5 42. Qf3+ $11) 35. Kg1 Ng5 36. Rd3 (36. R3f2 {does not win a prize}
Bd5 37. Qd7 Rh4 $19) 36... Rxc2 37. Rd8 Nxh3+ $1 {Deflection: g2} 38. Kh1 (38.
gxh3 Qh2# {Mate attack Deflection Pinning}) 38... Nf4 (38... Qh5 39. Rxf7+ Bxf7
40. Qe4 Nf2+ 41. Kg1 Qh1#) 39. Qe7 Qh5+ (39... Qh5+ 40. Qh4 Qxh4+ 41. Kg1 Rxg2#
) 0-1

[Event "SapporoSummer2022"]
[Site "?"]
[Date "2022.07.18"]
[Round "4.4"]
[White "Nakamura, Mitsuru"]
[Black "Ogawa, Taishi"]
[Result "0-1"]
[WhiteElo "1355"]
[BlackElo "1613"]
[Annotator "Fritz 11 SE (30s)"]
[PlyCount "102"]
[SourceVersionDate "2022.07.18"]

{[%mdl 8192] B31: Sicilian: 2...Nc6 3 Bb5 g6} 1. e4 c5 2. Nf3 Nc6 3. Bb5 g6 4.
O-O e6 (4... Nd4 5. Bc4 Bg7 6. c3 Nxf3+ 7. Qxf3 e6 8. d4 cxd4 9. cxd4 Ne7 10.
Bg5 O-O 11. Nc3 h6 12. Be3 a6 13. Rad1 b5 14. Bb3 d6 15. Qh3 Kh7 16. f4 Bd7 17.
e5 d5 18. g4 Rc8 19. Rf2 {Kuijf,M (2490)-Andersson,U (2630) Wijk aan Zee 1990
0-1 (33)}) 5. Re1 $146 (5. c3 Bg7 6. d4 cxd4 7. cxd4 Qb6 8. Nc3 Nge7 9. d5 Bxc3
10. bxc3 Qxb5 11. dxc6 Nxc6 12. Qd6 f6 13. Ba3 Kf7 14. Rab1 Qa6 15. Nd4 Re8 16.
Nb5 Na5 17. Qxa6 bxa6 18. Nd6+ {1-0 (18) Westerinen,H (2335)-Andersson,B (2277)
Fredericia 2013}) 5... Nge7 6. c3 {Consolidates b4+d4} a6 {Black threatens to
win material: a6xb5} 7. Bf1 (7. Bxc6 Nxc6 8. d4 cxd4 9. cxd4 Bg7 $14) 7... d5 (
7... Bg7 8. d4 cxd4 9. cxd4 $11) 8. d4 (8. exd5 Qxd5 9. d4 cxd4 10. cxd4 Bg7
$14) 8... c4 {Black gains space} (8... dxe4 $5 9. Rxe4 Bg7 $15) 9. Bg5 (9. exd5
exd5 10. Nbd2 Bh6 $16) 9... Bg7 $14 10. Nbd2 O-O 11. b3 {White threatens to
win material: b3xc4} f6 {Black threatens to win material: f6xg5} 12. Bh4 b5 (
12... g5 13. exd5 Nxd5 14. bxc4 Nxc3 $11) 13. a4 (13. bxc4 bxc4 14. Rb1 Ra7 $14
) 13... Bd7 (13... b4 14. exd5 Nxd5 15. Nxc4 $17) 14. Bg3 (14. bxc4 $142 bxc4
15. Bg3 $14) 14... e5 $2 (14... b4 $142 {and Black is still in the game} 15.
exd5 Nxd5 16. bxc4 Nxc3 $14) 15. axb5 axb5 16. Rxa8 Qxa8 17. bxc4 dxc4 18. d5 {
White threatens to win material: d5xc6} (18. dxe5 $5 Qa7 19. exf6 Bxf6 20. e5
$16) 18... Nd8 $14 19. Nxc4 (19. Qb1 $142 $5 $14 {is a viable option}) 19...
bxc4 $17 20. Bxc4 (20. Nd2 Nc8 $17) 20... Kh8 (20... Nc8 $5 $19) 21. Qb3 Nb7
22. h3 (22. Qb4 Nc8 $17) 22... Nd6 23. Nd2 (23. Bd3 Rb8 24. Qc2 Qa3 $19) 23...
Rb8 (23... Bh6 24. Nf3 Rb8 25. Qa2 Qxa2 26. Bxa2 $19) 24. Qd1 (24. Qc2 Qa3 25.
Rb1 Rxb1+ 26. Qxb1 Nec8 $19 (26... Nxc4 27. Nxc4 Qxc3 28. Qb8+ Ng8 29. Nb6 $15)
) 24... Bh6 25. Bd3 Rb2 (25... Qa3 26. Nb1 Qa1 27. c4 $19) 26. Nc4 Nxc4 27.
Bxc4 Nc8 28. d6 $2 (28. Re2 $142 Rxe2 29. Bxe2 $17) 28... Rd2 (28... Nb6 {
and Black can already relax} 29. Bd5 Qa3 30. Qf3 Qxd6 31. c4 $19) 29. Qb3 Nxd6
(29... Bc6 {might be the shorter path} 30. d7 Rxd7 31. Be6 $19) 30. Bd5 Bc6 31.
c4 Bxd5 32. cxd5 (32. exd5 Qa7 $19) 32... Qa7 33. Qb4 Nf7 (33... Qc7 34. Ra1
$19) 34. Qc3 $2 (34. Rc1 $142 Kg7 35. Rc8 Rd1+ 36. Kh2 $19) 34... Bf4 (34...
Ra2 {seems even better} 35. Kh1 Kg7 36. Rd1 $19) 35. Rf1 Bh6 36. Qc6 $4 {
throwing away the advantage} (36. Re1 Ra2 37. Qf3 $19) 36... Qe7 (36... Kg7
$142 $5 {makes it even easier for Black} 37. Qc4 $19) 37. Ra1 Bf8 38. Bh4 g5
39. Bg3 h5 (39... Kg7 $142 40. Kh2 h5 $19) 40. Qa8 $4 {shortens the misery for
White} (40. h4 Kg8 $19) 40... Qc5 (40... h4 $142 {and Black has reached his
goal} 41. Qa5 Rd4 $19) 41. h4 Rc2 (41... Kg7 42. Qb7 Qb4 43. Qxb4 Bxb4 44. f3
$19) 42. Ra5 (42. hxg5 $5 Nxg5 43. Ra6 $17) 42... Qc8 $19 43. Qa7 $4 {an
oversight. But White was lost anyway.} (43. Qxc8 Rxc8 44. Ra2 Rc1+ 45. Kh2 Bc5
$19) 43... Rc7 (43... Kg7 $142 {keeps an even firmer grip} 44. Ra1 gxh4 45.
Bxh4 $19) 44. Qb6 (44. Qa6 Kg7 45. Kh2 Qxa6 46. Rxa6 Rc2 $19) 44... Bd6 45.
hxg5 $2 (45. Kh2 $19) 45... fxg5 46. Qb3 (46. Ra7 {does not help much} Rxa7 47.
Qxa7 Kg7 $19) 46... Rc1+ 47. Kh2 h4 48. Qf3 (48. Bxh4 {doesn't get the cat off
the tree} Kg7 49. Qh3 Qxh3+ 50. Kxh3 Rh1+ 51. Kg4 Rxh4+ 52. Kf3 Rf4+ 53. Ke3 g4
$19) 48... hxg3+ 49. fxg3 (49. Qxg3 {is still a small chance} Re1 50. Qh3+
Qxh3+ 51. gxh3 Rxe4 52. Kg2 $19) 49... Kg7 50. Ra7 (50. g4 {does not save the
day} Bc5 51. d6 Qh8+ 52. Qh3 Bg1+ 53. Kh1 Be3+ 54. Kh2 Bf4+ 55. g3 Rh1+ 56.
Kxh1 Qxh3+ 57. Kg1 Be3#) 50... Qh8+ 51. Qh5 Qxh5# 0-1

[Event "SapporoSummer2002"]
[Site "?"]
[Date "2022.07.18"]
[Round "5.1"]
[White "Sugimto, Koichi"]
[Black "Ogawa, Taishi"]
[Result "1-0"]
[WhiteElo "1941"]
[BlackElo "1613"]
[Annotator "Fritz 11 SE (30s)"]
[PlyCount "49"]
[SourceVersionDate "2022.07.18"]

{[%mdl 8192] A52: Budapest Gambit} 1. d4 Nf6 2. c4 e5 3. dxe5 Ng4 4. Bf4 Nc6 5.
Nf3 Bb4+ 6. Nbd2 Qe7 {[%cal Rc6e5,Re7e5,Rg4e5,Gf3e5,Gf4e5] e5 seems the pivot
of the position} 7. e3 Ngxe5 8. Nxe5 Nxe5 9. Be2 O-O $146 (9... a5 10. O-O d6 (
10... O-O 11. Nb3 a4 12. a3 (12. Nd4 Rd8 13. Qc2 d6 14. a3 Bc5 15. Rad1 Bd7 16.
Bg3 Re8 17. Rfe1 Qf6 18. h3 Bb6 19. Rf1 h6 20. Kh2 Re7 21. Kh1 Ree8 22. Kh2 {
1/2-1/2 (22) Schoen,W (2430)-Forintos,G (2385) Malmo 1988}) 12... Ba5 13. Nd4
Bb6 14. Nb5 d6 15. Nc3 Be6 16. Nxa4 Ba7 17. c5 Rad8 18. Qc2 Qf6 19. cxd6 cxd6
20. Nc3 Bb8 21. Bg3 d5 22. Nb5 Nc4 23. Nd4 Bxg3 24. hxg3 Rc8 25. Bxc4 {Karpov,
A (2725)-Budnikov,A (2520) Moscow 1993 1-0}) 11. Nb3 a4 12. a3 Ba5 13. Nd4 Bd7
14. Nb5 Bb6 15. Nc3 Bc5 16. Nd5 Qd8 17. b4 axb3 18. Qxb3 O-O 19. a4 Ng6 20. Bg3
b6 21. Rfd1 Bc6 22. Nb4 Bxb4 23. Qxb4 Ra5 24. Ra3 {Chow,A (2310)-Sprenkle,D 
(2325) Chicago 1985 1/2-1/2 (63)}) (9... b6 10. a3 Bxd2+ 11. Qxd2 Bb7 12. O-O
d6 13. Qc3 f6 14. b4 c5 15. Rfd1 O-O 16. Rd2 Rfd8 17. Rad1 Rac8 18. h3 cxb4 19.
Qxb4 d5 20. Bxe5 fxe5 21. Bg4 Rc7 22. Qb3 d4 23. exd4 exd4 24. Re2 {Gijsen,S 
(2169)-Schuh,D (2370) Dortmund 2015 0-1 (32)}) (9... Ng6 10. Bxc7 d5 11. Bg3
dxc4 12. Bxc4 O-O 13. a3 Bxd2+ 14. Qxd2 Rd8 15. Qe2 h5 16. Qxh5 Qe4 17. Be2 Be6
18. O-O Qc2 19. Bf3 Rac8 20. Bxb7 Rc5 21. Qf3 Qxb2 22. Rfb1 Qc3 23. Rd1 Rxd1+
24. Rxd1 {Maric,A (2305)-Gurieli,N (2340) Kuala Lumpur 1990 1-0 (36)}) 10. a3 {
White threatens to win material: a3xb4} Bd6 (10... Bxd2+ 11. Qxd2 d6 12. O-O
$11) 11. O-O (11. Ne4 Nxc4 12. Nxd6 Nxd6 $16) 11... b6 (11... Nc6 12. Bxd6 Qxd6
13. Ne4 $14) 12. Qc2 (12. Ne4 Bb7 13. Nxd6 cxd6 $16) 12... f5 (12... Bb7 13.
Ne4 $11) 13. Nf3 $14 Nxf3+ (13... Rb8 14. Rfd1 $14) 14. Bxf3 $16 Bxf4 (14...
Rb8 $5 $16) 15. Bxa8 ({Less advisable is} 15. exf4 c6 $16) 15... Bxh2+ $2 (
15... Be5 $142 16. Bd5+ Kh8 $16) 16. Kxh2 $18 Qh4+ (16... c6 17. Kg1 Qe5 $18)
17. Kg1 c6 18. Rfd1 f4 (18... Qf6 {doesn't change the outcome of the game} 19.
c5 $18) 19. Rd4 g5 (19... Qh6 {a fruitless try to alter the course of the game}
20. Rxf4 Rxf4 21. exf4 Qxf4 22. Re1 $18) 20. exf4 gxf4 21. Qe4 (21. Re1 Qf6 22.
Qd2 h5 $18) 21... d5 (21... Qf6 {what else?} 22. Re1 a5 $18) 22. cxd5 Qg5 (
22... c5 {doesn't do any good} 23. Ra4 Qf6 24. Rxa7 $18) 23. dxc6 f3 (23... Qg7
{cannot change what is in store for White} 24. Bb7 f3 25. g3 $18) 24. Qd5+ Kh8
25. Qxg5 (25. Qxg5 Be6 26. Qe5+ Kg8 27. Qxe6+ Rf7 28. c7 h5 29. Rd7 fxg2 30.
c8=Q+ Kh7 31. Rxf7#) 1-0

[Event "SapporoSummer2022"]
[Site "?"]
[Date "2022.07.18"]
[Round "5.2"]
[White "Ishii Hibiki"]
[Black "Aoki Yasuhiro"]
[Result "0-1"]
[WhiteElo "1349"]
[BlackElo "1566"]
[Annotator "Fritz 11 SE (30s)"]
[PlyCount "72"]
[SourceVersionDate "2022.07.18"]

{B07: Pirc Defence: Miscellaneous Systems} 1. e4 d6 2. d4 Nf6 3. Nc3 g6 4. Bg5
Bg7 5. Qd2 c6 6. Be2 (6. f3 b5 7. Bd3 Nbd7 8. Nge2 Bb7 9. Bh6 Bxh6 10. Qxh6 e5
11. O-O-O a6 12. g4 exd4 13. Nxd4 c5 14. Ndxb5 axb5 15. Nxb5 Ra6 16. Be2 Ke7
17. Qf4 Qb8 18. g5 Nh5 19. Qe3 Re8 20. Nc3 Rb6 {Krizsany,L (2395)-Vaulin,A 
(2550) Budapest 1994 0-1 (31)}) 6... b5 7. a3 {White has a very active position
} Nbd7 $146 (7... Bb7 8. f4 a5 9. Bf3 b4 10. Nd1 Qb6 11. axb4 axb4 12. Rxa8
Bxa8 13. e5 dxe5 14. fxe5 Nd5 15. Ne2 f6 16. Bh6 O-O 17. h4 Qc7 18. h5 g5 19.
Bxg5 fxg5 20. h6 Bf6 21. Nf2 Nd7 22. exf6 {Neulinger,M (2348)-Koch,W (2312)
Feffernitz 2001 1-0 (41)}) (7... a6 8. h4 (8. h3 Nbd7 9. Nf3 Qc7 10. O-O O-O
11. Rfe1 e5 12. Rad1 Re8 13. Bf1 Bb7 14. dxe5 dxe5 15. Bh6 Nf8 16. Bxg7 Kxg7
17. Qg5 h6 18. Qe3 Ne6 19. Rd2 Rad8 20. Red1 Rxd2 21. Rxd2 c5 22. Nd5 Bxd5 {
Karl,H (2255)-Espig,L (2405) Schaan 1998 0-1 (40)}) 8... Qb6 9. h5 Nxh5 10.
Bxh5 gxh5 11. Nge2 Nd7 12. Rxh5 Nf6 13. Rh4 Be6 14. f3 O-O-O 15. O-O-O c5 16.
d5 Bd7 17. Bh6 Bxh6 18. Rxh6 Kb8 19. g4 Rc8 20. g5 Ne8 21. Rdh1 Nc7 22. Rxh7 {
Karanovic,R (2246)-Veljkovic,M (2237) Belgrade 2011 1/2-1/2 (48)}) 8. h4 h5 9.
f3 {Prevents intrusion on g4} (9. Nf3 Bb7 $14) 9... Qa5 10. Na2 (10. Nh3 O-O
$14) 10... Qxd2+ 11. Kxd2 {White loses the right to castle} Bb7 12. Nh3 a6 13.
Nf2 c5 14. c3 O-O 15. Bd3 (15. Nc1 e5 16. dxe5 Nxe5 $11) 15... e5 16. d5 {
White wins space} Rfe8 (16... c4 17. Bc2 $15) 17. g4 (17. c4 bxc4 18. Bxc4 Nh7
$11) 17... Nf8 (17... c4 18. Bc2 $15) 18. gxh5 (18. c4 $5 bxc4 19. Bxc4 $14)
18... Nxh5 $11 19. Rag1 Nh7 20. Nc1 (20. c4 Nxg5 21. hxg5 Rab8 $11) 20... Nxg5
21. Rxg5 $2 (21. hxg5 $142 {would allow White to play on} c4 22. Be2 $11) 21...
Bh6 22. Ng4 Bxg5+ 23. hxg5 Kg7 24. Ne2 (24. c4 bxc4 25. Bxc4 Rh8 $19) 24... Rh8
25. Rh2 (25. c4 bxc4 26. Bxc4 f5 $19) 25... Bc8 (25... c4 {makes it even
easier for Black} 26. Bc2 $19) 26. Rg2 Bd7 27. b3 Rh7 28. Ke3 Rah8 29. Kf2 $2 (
29. Rg1 $19) 29... Bxg4 30. Rxg4 Kg8 (30... Nf4 $142 $5 {keeps an even firmer
grip} 31. Nxf4 exf4 32. Bf1 Rh2+ 33. Bg2 $19) 31. c4 bxc4 32. Bxc4 a5 33. a4
Ng7 (33... Kg7 34. Ke3 $19) 34. Bd3 (34. Nc3 Rh2+ 35. Rg2 Rxg2+ 36. Kxg2 Kf8
$19) 34... Rh2+ 35. Rg2 Rxg2+ 36. Kxg2 Rh5 0-1